Still-life painting in the Museum of Fine Arts, Boston / Karen Esielonis ; introduction by Theodore E. Stebbins, Jr., and Eric M. Zafran. (Record no. 23731)

000 -LEADER
fixed length control field 01470cam a2200361 a 4500
001 - CONTROL NUMBER
control field 4909827
005 - DATE AND TIME OF LATEST TRANSACTION
control field 20170127094231.0
008 - FIXED-LENGTH DATA ELEMENTS--GENERAL INFORMATION
fixed length control field 940831s1994 mau bc 001 0 eng d
010 ## - LIBRARY OF CONGRESS CONTROL NUMBER
LC control number 94078152
020 ## - INTERNATIONAL STANDARD BOOK NUMBER
International Standard Book Number 0878464212
035 ## - SYSTEM CONTROL NUMBER
System control number (OCoLC)31347598
040 ## - CATALOGING SOURCE
Original cataloging agency MdBWA
Transcribing agency MdBWA
Modifying agency DLC
042 ## - AUTHENTICATION CODE
Authentication code lccopycat
043 ## - GEOGRAPHIC AREA CODE
Geographic area code n-us-ma
050 00 - LIBRARY OF CONGRESS CALL NUMBER
Classification number ND1390
Item number .M87 1994
110 2# - MAIN ENTRY--CORPORATE NAME
Corporate name or jurisdiction name as entry element Museum of Fine Arts, Boston.
245 10 - TITLE STATEMENT
Title Still-life painting in the Museum of Fine Arts, Boston / Karen Esielonis ; introduction by Theodore E. Stebbins, Jr., and Eric M. Zafran.
260 ## - PUBLICATION, DISTRIBUTION, ETC. (IMPRINT)
Place of publication, distribution, etc. Boston :
Name of publisher, distributor, etc. Museum of Fine Arts,
Date of publication, distribution, etc. c1994.
300 ## - PHYSICAL DESCRIPTION
Extent 134 p. :
Other physical details ill. (some col.) ;
Dimensions 28 cm.
500 ## - GENERAL NOTE
General note Catalog of an exhibition held at the Museum of Fine Arts, Boston, Sept. 14, 1994-Jan. 1, 1995.
504 ## - BIBLIOGRAPHY, ETC. NOTE
Bibliography, etc Includes bibliographical references and index.
610 20 - SUBJECT ADDED ENTRY--CORPORATE NAME
Corporate name or jurisdiction name as entry element Museum of Fine Arts, Boston
General subdivision Exhibitions.
650 #0 - SUBJECT ADDED ENTRY--TOPICAL TERM
Topical term or geographic name as entry element Still-life painting
General subdivision Exhibitions.
650 #0 - SUBJECT ADDED ENTRY--TOPICAL TERM
Topical term or geographic name as entry element Still-life painting
Geographic subdivision Massachusetts
-- Boston
General subdivision Exhibitions.
700 1# - ADDED ENTRY--PERSONAL NAME
Personal name Esielonis, Karyn.
942 ## - ADDED ENTRY ELEMENTS (KOHA)
Source of classification or shelving scheme
Koha item type Hard Covered Materials
Classification part ND1390 .M87 1994
Holdings
Withdrawn status Lost status Source of classification or shelving scheme Damaged status Not for loan Home library Current library Shelving location Date acquired Source of acquisition Total Checkouts Full call number Barcode Date last seen Price effective from Koha item type
          MACHAKOS UNIVERSITY LIBRARY MACHAKOS UNIVERSITY LIBRARY Technical section 27/01/2017 Donation(BFA)   ND1390 .M87 1994 29475 31/05/2018 27/01/2017 Hard Covered Materials
© Machakos University Library, Along The Highway, Machakos Wote Rd, Machakos, Kenya P.O. Box 136 - 90100 Machakos - Kenya

Tel: ( +254 ) 723 805829 OR Fax : 044-20353 OR Email: library@mksu.ac.ke